Music Quiz

Random Music or Song Quiz
Score 0/30 Timer 06:00
0 Plays Today
% Correct
Zebra
93.6%
Take Care
91%
Norway
89.7%
Silver Soul
87.2%
Walk in the Park
87.2%
Gila
84.6%
10 Mile Stereo
84.6%
Used to Be
76.9%
Real Love
75.6%
Lover of Mine
74.4%
Wedding Bell
70.5%
Turtle Island
69.2%
D.A.R.L.I.N.G
69.2%
Astronaut
67.9%
Saltwater
66.7%
% Correct
Master of None
64.1%
Tokyo Witch
60.3%
Apple Orchard
57.7%
Better Times
56.4%
Heart of Chambers
53.8%
You Came to Me
51.3%
Home Again
50%
Auburn and Ivory
48.7%
Some Things Last a Long Time
48.7%
Holy Dances
47.4%
Childhood
46.2%
Heart and Lungs
44.9%
House on the Hill
42.3%
All the Years
42.3%
Lovelier Girl
34.6%
Remove Ads.
Support Sporcle.
Get the best of Sporcle when you Go Orange. This ad-free experience offers more features, more stats, and more fun while also helping to support Sporcle. Thank you for becoming a member.

You're not logged in!

Compare scores with friends on all Sporcle quizzes.
OR
Log In

Sporcle TV

Today on Sporcle TV


Watch our educational content, quiz creation guides, and fun videos on Sporcle TV.

Show Comments

Extras

Created Sep 27, 2011SourceReportNominate
Tags:Song Quiz, beach, Dream, house, teen

Top Quizzes Today


Score Distribution

Paid Content

Your Account Isn't Verified!

In order to create a playlist on Sporcle, you need to verify the email address you used during registration. Go to your Sporcle Settings to finish the process.

Report this User

Report this user for behavior that violates our Community Guidelines.

Details: